خیابان خیال : (Record no. 196575)

MARC details
000 -LEADER
fixed length control field 00719nam a22001937a 4500
005 - DATE AND TIME OF LATEST TRANSACTION
control field 20230717123605.0
010 ## - LCCN (DPL NO)
LC control number UR-12070
020 ## - INTERNATIONAL STANDARD BOOK NUMBER
International Standard Book Number 9789383239382
Terms of availability 250.00
035 ## - SYSTEM CONTROL NUMBER
System control number U-10625
037 ## - SOURCE OF ACQUISITION
Source of stock number/acquisition DBAD/PUB
082 ## - DEWEY DECIMAL CLASSIFICATION NUMBER
Classification number 841
100 ## - MAIN ENTRY--PERSONAL NAME
Personal name شاہ رشاد عثمانی
245 ## - TITLE STATEMENT
Title خیابان خیال :
Remainder of title مکتوبات مولانا طیب عثمانی ندوی /
Statement of responsibility, etc شاہ رشاد عثمانی
246 ## - VARYING FORM OF TITLE
Title proper/short title Khayaban-e-Khayal: Maktoobat Maulana Tayyib Usmani Nadvi /
Remainder of title by Shah Rashad Usmani
260 ## - PUBLICATION, DISTRIBUTION, ETC. (IMPRINT)
Place of publication, distribution, etc New Delhi
Name of publisher, distributor, etc Applied Books
Date of publication, distribution, etc 2016 ء
270 ## - ADDRESS
Address 1739/10, New Kohinoor Hotel, Pataudi House, Darya Ganj
City New Delhi
Postal code 2
300 ## - PHYSICAL DESCRIPTION
Extent 232 ص
Dimensions 22cm(Hb)
942 ## - ADDED ENTRY ELEMENTS (KOHA)
Source of classification or shelving scheme Dewey Decimal Classification
Item type Urdu Bks
Classification part 841
Call number suffix ش ا ہ
Holdings
Withdrawn status Lost status Not for loan Collection code Home library Current library Date acquired Source of acquisition Cost, normal purchase price Full call number Barcode Copy number Cost, replacement price Koha item type
      Non-fiction Ashok Vihar Ashok Vihar 17/07/2023 DBAD/PUB 250.00 841 ش ا ہ U-10625 1 250.00 Urdu Bks

© Delhi Public Library
Hit Counter
free hit counter